Pays par panneaux de circulation - Statistiques

Statistiques générales
  • Ce quiz a été pris 52 988 fois
  • Le résultat moyen est 9 sur 15
Statistiques - réponses
Par images Réponse % Correct
États-Unis
99%
Canada
98%
Royaume-Uni
94%
Chine
93%
Irlande
89%
Égypte
81%
Maroc
74%
Chili
62%
Brésil
57%
Malte
50%
Éthiopie
48%
Pakistan
30%
Bahreïn
24%
Eswatini
22%
Serbie
21%
Aucun quiz correspondant
Distribution des résultats
% des personnes avec chaque résultat
Percentile par nombre de réponses
Votre historique - résultats
Vous n’avez pas pris ce quiz